000 00814nam a2200229 a 4500
001 000042409
005 20201002040133.0
008 131128s1997 sp 000 0 spa d
020 _a8420644056
040 _aDO-SdBNP
_bspa
_cBNPHU
082 _axxx
_bH236a
100 1 _aHandke, Peter
_969526
240 1 0 _aSommerlicher Nachtrag zu einer winterlichen Reise.
_lEspañol
245 1 0 _aApéndice de verano a un viaje de invierno /
_cPeter Handke ; versión eapañola de Eustaquio Barjau y Susana Yunquera.
260 _aMadrid :
_bAlianza,
_c1997.
300 _a102 p. ;
_c22 cm.
490 1 _aAlianza Actualidad
500 _aIncluye datos biográficos del autor en la solapa de la cubierta.
700 1 2 _aBarjau, Eustaquio
_913046
700 1 2 _aYunquera, Susana
_943187
830 0 _aAlianza Actualidad
_969527
999 _c41898
_d41898